Scientists of international repute
| Main Author: | |
|---|---|
| Format: | Book |
| Published: |
Chennai :
Sura Books (P) Ltd ,
2006
|
| Series: | Biography series
|
| Subjects: |
MARC
| LEADER | 00000cam a2200000 7i4500 | ||
|---|---|---|---|
| 001 | 0000038358 | ||
| 005 | 20131108.0 | ||
| 008 | 131108 | ||
| 020 | |a 8174786287 | ||
| 090 | 0 | 0 | |a 920.02088 |b GOP |
| 100 | 1 | |a Gopalan, Shanti | |
| 245 | 1 | 0 | |a Scientists of international repute |c by Shanti Gopalan |
| 260 | |a Chennai : |b Sura Books (P) Ltd , |c 2006 | ||
| 440 | |a Biography series | ||
| 650 | 0 | |a Biography |x Scientist | |
| 999 | |a 0001243162 |b Book |c Adult Collection |e Perbadanan Perpustakaan Awam Johor | ||